Ya Me Fui - Bizarrap, Duki, Nicki Nicole - Estadísticas

Estadísticas generales
  • Esta prueba ha sido intentada 113 veces
  • La puntuación promedio es 299 de 415
Estadísticas de respuestas
Letra % Correcto
a
100%
fui
98%
me
98%
y
98%
Y
98%
yo
98%
Yo
98%
que
97%
Que
97%
ya
97%
Ya
97%
Si
95%
es
93%
Es
93%
está
93%
estás
93%
esto
93%
93%
se
93%
93%
escuchando
92%
'ta
92%
tu
92%
92%
92%
peor
90%
pero
90%
Pero
90%
no
89%
No
89%
por
89%
soy
89%
aprendiz
87%
la
85%
la'
85%
de
84%
En
84%
en
84%
lo
84%
Lo
84%
porque
84%
vos
84%
Vos
84%
te
80%
el
79%
como
77%
con
77%
entiendas
74%
I
74%
espero
72%
mi
72%
Mi
72%
todo'
72%
bobos
70%
Nena
70%
ahí
67%
Frodo
67%
jodo
67%
Sabe'
67%
su
67%
tal
67%
vez
67%
Baby
66%
baby
66%
esos
66%
mejor
66%
pa'
66%
tarde
66%
Un
66%
un
66%
bien
64%
estoy
64%
solo'
64%
abierta
62%
anillo
62%
hacer
62%
le
62%
puerta
62%
toda'
62%
boca
61%
diferente
61%
pensando
61%
viernes
61%
catequesi'
59%
chance
59%
estar
59%
ir
59%
nombre
59%
vas
59%
dejes
57%
dicen
57%
grande
57%
pido
57%
regalo
57%
somos
57%
tan
57%
tiempo
57%
todavía
57%
ello'
56%
estilo
56%
hay
56%
hilo
56%
las
56%
love
56%
tenés
56%
vamos
56%
you
56%
Cortemo'
54%
crazy
54%
Nicki
54%
poder
54%
queda
54%
Quién
54%
¿Quién
54%
verte
54%
codo
52%
comen
52%
comin'
52%
nombren
52%
querés
52%
cuando
51%
Cuando
51%
dando
51%
santa'
51%
sola
51%
style
51%
mai
49%
perreo
49%
egoísmo
48%
aparezca'
46%
baja
46%
espalda
46%
más
46%
mismo
46%
nos
46%
Súbelo
46%
Hagamo'
44%
Peleamo'
44%
preguntando
44%
saben
44%
tenemo'
44%
Aunque
43%
esté
43%
mataste
43%
otro
43%
preciosa
43%
two
43%
vida
43%
dame
41%
doy
41%
ere'
41%
gente
41%
more
41%
parte'
41%
puedo
41%
siento
41%
tengo
41%
than
41%
veo
41%
eras
39%
luz
39%
Nesi
39%
reímo'
39%
sea
39%
Sigo
39%
crezca'
38%
obvio
38%
pecado?
38%
pista'
38%
ser
38%
tiene
38%
decía
36%
Despué'
36%
haya
36%
defendía
34%
estamo'
34%
malo
34%
pensaba
34%
Blue
33%
lowride
33%
Tyga
31%
cansa'o
30%
encontrarte
30%
'Toy
30%
Bitch
28%
shoes
28%
GTI
26%
Higher
25%
my
25%
the
25%
bloody
21%
from
21%
mood
21%
bottom
20%
Money
20%
started
20%
moves
18%
uh
18%
All
16%
through
16%
yeah
15%
No se encontraron pruebas coincidentes
Distribución de puntuación
Porcentaje de gente con cada puntuación
Porcentaje por número respondido
Historial de tus puntuaciones
No has intentado esta prueba.